000 00948nam a2200253 i 4500
001 125621
003 ES-MaACL
005 20250930063119.0
007 t|
008 070621s1968 sp ||||1| spa d
080 _a811.134.2'355
100 _aNavarro Tomás, Tomás,
_d1884-1979
_9226508
245 1 0 _aManual de pronunciación española /
_cTomás Navarro Tomás.
250 _a14ª ed.
260 _aMadrid :
_bConsejo Superior de Investigaciones Científicas, Instituto "Miguel de Cervantes",
_c1968.
300 _a326 p. :
_bil. ;
_c20 cm.
490 1 _aPublicaciones de la Revista de Filología Española ;
_v3
500 _aBiblioteca Jacinto Martínez Lacalle.
650 4 _aLengua española-
_xFonética.
_914160
710 2 _aInstituto "Miguel de Cervantes"
_95133
830 0 _aPublicaciones de la Revista de Filología Española ;
_v3
_9186653
852 _aES-MaACL
_jE-11741
_bR.139788
999 _c125621
_d125621